000
00324nam a22001457a 4500
999
_c
167851
_d
167851
082
_a
_b
100
_a
Kaku Michio
100
_a
Thompson Jennifer
245
_a
Beyond Einstein/
_c
by Kaku Michio and Thompson Jennifer.
260
_a
_b
Oxford,
_c
2010.
300
_a
230p.
600
_a
650
_a
942
_c
BK